| 000 | 00872nam a22002057a 4500 | ||
|---|---|---|---|
| 999 |
_c10415 _d10415 |
||
| 003 | AR-CdUCM | ||
| 008 | 190401b ||||| |||| 00| 0 spa d | ||
| 040 |
_aMUNICIPALIDAD PROVINCIAL DEL CUSCO _cBIBLIOTECA MUNICIPAL DEL CUSCO |
||
| 082 |
_a918.5 / _bR18 / 1913 |
||
| 100 |
_aRaimondi, Antonio _927018 |
||
| 245 | _aEl Perú / | ||
| 260 |
_aLima : _bTécnicos Asociados, _c1965. |
||
| 300 |
_aTomos ; _bIlustraciones, mapas, _c26 cm. |
||
| 505 | _aContenido: t.2 : Historia de la geografía del Perú, libro primero. t.3 : Historia de la geografía del Perú, libro segundo. t.4 : Estudios mineralógicos y geológico, 1ra serie. t.5 : Itinerarios geológicos -- De Lima a Tarma Chamchamayo -- Alrededor de Lima y San Lorenzo ... | ||
| 650 |
_aMineralogía _923644 |
||
| 650 |
_aGeografía física _97620 |
||
| 650 |
_aPerú _935 |
||
| 942 |
_2ddc _cLIBROS |
||
| 945 | _aacv | ||